|
|
|
|
| LEADER |
00000nab a2200000 ar4500 |
| 001 |
vtls010179498 |
| 003 |
SK-MaSNL |
| 005 |
20260303190629.0 |
| 008 |
101015|2010 xo ||||||||||||00 b|slo |
| 015 |
|
|
|a SNBRA2010/10
|2 snkbucl
|
| 038 |
|
|
|a SNKBUCL
|
| 040 |
|
|
|a SNKBUCL
|b slo
|c SNKBUCL
|e AACR2
|
| 041 |
0 |
|
|a slo
|
| 044 |
|
|
|a xo
|c SK
|
| 080 |
|
|
|a 811.162.4`367
|2 2001
|
| 080 |
|
|
|a 81`367:811.162.4
|2 2001
|
| 100 |
1 |
|
|a Kačala, Ján,
|d 1937-
|4 aut
|9 89383
|
| 245 |
1 |
0 |
|a Významová a výrazová stránka syntaktickej konštrukcie
|c Ján Kačala
|
| 504 |
|
|
|a Literatúra
|
| 650 |
0 |
7 |
|a slovenčina
|2 snkbucl
|9 1350
|
| 650 |
0 |
7 |
|a syntax
|2 snkbucl
|9 1352
|
| 650 |
0 |
7 |
|a syntaktické vzťahy
|2 snkbucl
|9 73669
|
| 650 |
0 |
7 |
|a syntaktické konštrukcie
|2 snkbucl
|9 432952
|
| 655 |
|
7 |
|a štúdie
|2 snkbucl
|9 57033
|
| 773 |
0 |
|
|t Zborník Matice slovenskej. Jazykoveda. [1] 2010
|d Martin : Matica slovenská, 2010
|g S. 172-181
|z 9788070909638
|
| 852 |
|
|
|a SNK
|b KIS3GCP
|
| 958 |
|
|
|a NB
|
| 999 |
|
|
|c 2137293
|d 2139223
|